Dieux Romains - Mort Subite - Statistiques

Statistiques générales
  • Ce quiz a été pris 1 508 fois
  • Le résultat moyen est 12 sur 20
Answers on the Grid
Answers color-coded by a green-red scale on the quiz's grid according to % correct below.
Zeus
Jupiter
Junon
Poseidon
Héra
Neptune
Déméter
Athéna
Minerve
Cérès
Apollon
Artémis
Diane
Mars
Vénus
Vulcain
Aphrodite
Arès
Héphaistos
Hermès
Mercure
Vesta
Hestia
Dionysos
Bacchus
Hadès
Hécate
Pluton
Trivia
Somnus
Cupidon
Eros
Terra
Gaia
Uranus
Ouranos
Cronos
Saturne
Hypnos
 
Statistiques - réponses
Réponse % Correct
Jupiter
95%
Neptune
84%
Junon
79%
Mars
76%
Vénus
68%
Mercure
67%
Minerve
64%
Pluton
62%
Vulcain
61%
Diane
60%
Saturne
58%
Bacchus
55%
Uranus
52%
Vesta
47%
Cérès
45%
Cupidon
41%
Terra
41%
Somnus
39%
Apollon
33%
Trivia
30%
Aucun quiz correspondant
Distribution des résultats
% des personnes avec chaque résultat
Percentile par nombre de réponses
Votre historique - résultats
Vous n’avez pas pris ce quiz